| 000 -CABECERA |
| campo de control de longitud fija |
01678nam a2200337 u 4500 |
| 001 - NÚMERO DE CONTROL |
| campo de control |
000060975 |
| 005 - FECHA Y HORA DE LA ÚLTIMA TRANSACCIÓN |
| campo de control |
20200120223917.0 |
| 008 - DATOS DE LONGITUD FIJA--INFORMACIÓN GENERAL |
| campo de control de longitud fija |
140520s2013 ck a jr 000 c spa d |
| 020 ## - NÚMERO INTERNACIONAL ESTÁNDAR DEL LIBRO |
| Número Internacional Estándar del Libro |
9789585731325. |
| 041 0# - CÓDIGO DE LENGUA |
| Código de lengua del texto/banda sonora o título independiente |
spa |
| 090 ## - LOCALMENTE ASIGNADO TIPO-LC NÚMERO DE CLASIFICACIÓN (OCLC); NÚMERO DE CLASIFICACIÓN LOCAL (RLIN) |
| Número de clasificación (OCLC) (R) ; Numero de clasificación, CALL (RLIN) (NR) |
JH |
| Número cutter local (OCLC) ; Número de libro/Signatura topográfica íntegra, CALL (RLIN) |
GABO |
| 245 00 - MENCIÓN DE TÍTULO |
| Título |
Gabo : |
| Resto del título |
memorias de una vida mágica / |
| Mención de responsabilidad, etc. |
Guión : Oscar Pantoja; ilustradores : Miguel Bustos; Tatiana Córdoba ; Felipe Camargo Rojas ; Julián Naranjo. |
| 250 ## - MENCIÓN DE EDICIÓN |
| Mención de edición |
1a.ed. |
| 260 ## - PUBLICACIÓN, DISTRIBUCIÓN, ETC. |
| Lugar de publicación, distribución, etc. |
[Bogotá] : |
| Nombre del editor, distribuidor, etc. |
Rey Naranjo Editores, |
| Fecha de publicación, distribución, etc. |
2013. |
| 300 ## - DESCRIPCIÓN FÍSICA |
| Extensión |
163 p. : |
| Otras características físicas |
il., byn. |
| 490 0# - MENCIÓN DE SERIE |
| Mención de serie |
PNK libros singulares |
| 500 ## - NOTA GENERAL |
| Nota general |
Incluye anexo sobre la vida escrita de Gabo |
| 504 ## - NOTA DE BIBLIOGRAFÍA, ETC. |
| Nota de bibliografía, etc. |
Incluye Bibliografía |
| 520 3# - SUMARIO, ETC. |
| Sumario, etc. |
"Luis Harss en su libro Los Nuestros, que presenta la alborada del movimiento conocido como el Boom Latinoamericano, describe a Gabriel García Márquez como "un hombre que puede naufragar sin ahogarse". Este libro pretende acercar al lector a la vida y a la obra de García Márquez en clave de novela gráfica y así compartir la epopeya que convirtió al muchacho de Aracataca en un verdadero mito viviente de la literatura. " |
| 600 17 - PUNTO DE ACCESO ADICIONAL DE MATERIA--NOMBRE DE PERSONA |
| Nombre de persona |
García Márquez, Gabriel, |
| Subdivisión general |
Tíras cómicas, historietas, etc. |
| Fechas asociadas al nombre |
1927-2014 |
| 650 14 - PUNTO DE ACCESO ADICIONAL DE MATERIA--TÉRMINO DE MATERIA |
| Término de materia o nombre geográfico como elemento de entrada |
Historietas juveniles colombianas |
| 650 24 - PUNTO DE ACCESO ADICIONAL DE MATERIA--TÉRMINO DE MATERIA |
| Término de materia o nombre geográfico como elemento de entrada |
Literatura juvenil colombiana |
| 650 24 - PUNTO DE ACCESO ADICIONAL DE MATERIA--TÉRMINO DE MATERIA |
| Término de materia o nombre geográfico como elemento de entrada |
Superhéroes en la literatura |
| 650 24 - PUNTO DE ACCESO ADICIONAL DE MATERIA--TÉRMINO DE MATERIA |
| Término de materia o nombre geográfico como elemento de entrada |
Aventuras en la literatura |
| 650 24 - PUNTO DE ACCESO ADICIONAL DE MATERIA--TÉRMINO DE MATERIA |
| Término de materia o nombre geográfico como elemento de entrada |
Autores |
| Subdivisión general |
Tíras cómicas, historietas, etc. |
| Subdivisión geográfica |
Colombia |
| Subdivisión de forma |
Biografía |
| 700 1# - PUNTO DE ACCESO ADICIONAL--NOMBRE DE PERSONA |
| Nombre de persona |
Pantoja, Óscar |
| 700 1# - PUNTO DE ACCESO ADICIONAL--NOMBRE DE PERSONA |
| Nombre de persona |
Bustos Miguel |
| Término indicativo de función/relación |
ilustrador. |
| 700 1# - PUNTO DE ACCESO ADICIONAL--NOMBRE DE PERSONA |
| Nombre de persona |
Córdoba Tatiana, |
| Término indicativo de función/relación |
ilustradora. |
| 700 1# - PUNTO DE ACCESO ADICIONAL--NOMBRE DE PERSONA |
| Nombre de persona |
Camargo Rojas, Felipe, |
| Término indicativo de función/relación |
ilustrador. |
| 700 1# - PUNTO DE ACCESO ADICIONAL--NOMBRE DE PERSONA |
| Nombre de persona |
Naranjo Julian, |
| Término indicativo de función/relación |
ilustrador. |